Dom hudby na nábreží Dunaja v Bratislave

Enregistré dans:
Détails bibliographiques
Auteur principal: Pöthe, Katinka (Auteur)
Autres auteurs: Hermann, Juraj (Directeur de thèse)
Format: Manuscrit Livre
Langue:slovaque
Publié: 2024
Sujets:
Accès en ligne:http://is.stuba.sk/zp/portal_zp.pl?podrobnosti=176062
https://opac.crzp.sk/?fn=detailBiblioForm&sid=AA0D9432EF6DE826CF19194F11D3
Tags: Ajouter un tag
Pas de tags, Soyez le premier à ajouter un tag!

MARC

LEADER 00000ntm a22000003a 4500
001 stuzp100028
003 SK-STU
005 20240925110741.7
007 ta
008 150427s2015----xo-----f-mn---000-0-slo-d
040 |a STU  |b slo 
041 0 |a slo 
100 1 |a Pöthe, Katinka  |u 010310  |4 aut  |U SvF Stavebná fakulta  |T SvF Katedra architektúry  |X 98127  |U V181|V310  |Y 19  |7 98127 
242 0 1 |a House of the Music on the Riverside of Danube River in Bratislava  |y eng 
245 1 0 |a Dom hudby na nábreží Dunaja v Bratislave 
260 |c 2024 
650 4 |a Dom hudby  |2 slo 
650 4 |a Tyršovo nábrežie  |2 slo 
650 4 |a Parkovisko  |2 slo 
650 4 |a divadlo Aréna  |2 slo 
650 4 |a kultúrno-oddychovacie centrum  |2 slo 
650 4 |a House of the Music  |2 eng 
650 4 |a Tyršovo nábrežie  |2 eng 
650 4 |a car park  |2 eng 
650 4 |a Arena Theatre  |2 eng 
650 4 |a cultural and recreational centre  |2 eng 
700 1 |a Hermann, Juraj  |u 010310  |k Z8  |4 ths  |U SvF Stavebná fakulta  |T SvF Katedra architektúry  |X 95063  |U V181|V310  |Y 19  |7 95063 
856 4 |u http://is.stuba.sk/zp/portal_zp.pl?podrobnosti=176062 
856 4 |u https://opac.crzp.sk/?fn=detailBiblioForm&sid=AA0D9432EF6DE826CF19194F11D3